[Event "Paracin op 16th"]
[White "Radisavljevic, Dalibor"]
[Black "Wen, Tommy"]
[Site "Paracin"]
[Round "9"]
[Result "1-0"]
[Date "2023.07.15"]
[WhiteElo "2214"]
[BlackElo "2406"]
[PlyCount "94"]
[EventDate "2023.07.07"]
[EventType "swiss"]
[EventRounds "9"]
[EventCountry "SRB"]
[SourceTitle "EXT 2024"]
[Source "ChessBase"]
[SourceDate "2023.10.10"]
[SourceVersion "1"]
[SourceVersionDate "2023.10.10"]
[SourceQuality "1"]

1. e4 e5 2. Nf3 Nc6 3. d4 exd4 4. Nxd4 Qf6 5. Nxc6 Bc5 6. Qe2 dxc6 7. Nc3 Be6 8. Be3 Bb4 9. 0-0-0 Bxc3 10. bxc3 Qxc3 11. Bd4 Qa5 12. f4 f6 13. f5 Bxa2 14. Qg4 0-0-0 15. Kb2 Bf7 16. Qxg7 Qa2+ 17. Kc1 Qa3+ 18. Kd2 Rxd4+ 19. Bd3 Bc4 20. Ke3 Qc5 21. Kf3 Qe7 22. Qxh8 Ba2 23. Rhe1 Rd8 24. e5 Bd5+ 25. Ke3 Qxe5+ 26. Kd2 Qf4+ 27. Re3 Qh6 28. Ke2 Ne7 29. Rh3 Qg5 30. Qxh7 Qxg2+ 31. Ke1 Bg8 32. Qh5 Qg1+ 33. Kd2 Qf2+ 34. Qe2 Qf4+ 35. Qe3 Qb4+ 36. c3 Qb2+ 37. Ke1 Nd5 38. Qd2 Qb6 39. Rg3 Re8+ 40. Be2 Bf7 41. c4 Bh5 42. cxd5 Rxe2+ 43. Qxe2 Bxe2 44. dxc6 bxc6 45. Kxe2 Qb5+ 46. Rdd3 a5 47. Kd2 a4 1-0

[Event "Paracin op 16th"]
[White "Hemanth, Raam"]
[Black "Radisavljevic, Dalibor"]
[Site "Paracin"]
[Round "2"]
[Result "1/2-1/2"]
[Date "2023.07.08"]
[WhiteElo "2042"]
[BlackElo "2214"]
[PlyCount "58"]
[EventDate "2023.07.07"]
[EventType "swiss"]
[EventRounds "9"]
[EventCountry "SRB"]
[SourceTitle "EXT 2024"]
[Source "ChessBase"]
[SourceDate "2023.10.10"]
[SourceVersion "1"]
[SourceVersionDate "2023.10.10"]
[SourceQuality "1"]

1. e4 c5 2. Nf3 g6 3. Bc4 Bg7 4. 0-0 Nc6 5. c3 d6 6. Re1 e5 7. d3 Nge7 8. Be3 0-0 9. a4 h6 10. d4 cxd4 11. cxd4 Bg4 12. d5 Nd4 13. Nbd2 Rc8 14. Rc1 Nxf3+ 15. Nxf3 f5 16. h3 Bh5 17. exf5 Bxf3 18. Qxf3 gxf5 19. Bxa7 Qa5 20. Qe3 Rxc4 21. Rxc4 Nxd5 22. Qc1 Qxa7 23. Rc8 Qxa4 24. Rxf8+ Bxf8 25. Qc8 Qc6 26. Qe6+ Kg7 27. Qxf5 Nf4 28. Qg4+ Kf7 29. Qf5+ Kg7 1/2-1/2

[Event "Gligoric Cup 9th"]
[White "Radisavljevic, Dalibor"]
[Black "Roganovic, Milos"]
[Site "Paracin"]
[Round "5.6"]
[Result "1/2-1/2"]
[Date "2023.05.19"]
[WhiteElo "2155"]
[BlackElo "2478"]
[PlyCount "72"]
[EventDate "2023.05.16"]
[EventType "team-swiss"]
[EventRounds "5"]
[EventCountry "SRB"]
[SourceTitle "CBM 214 Extra"]
[Source "ChessBase"]
[SourceDate "2023.07.31"]
[SourceVersion "1"]
[SourceVersionDate "2023.07.31"]
[SourceQuality "1"]
[WhiteTeam "Jagodina Kablovi"]
[BlackTeam "Goracici Jelica"]
[WhiteTeamCountry "SRB"]
[BlackTeamCountry "SRB"]

1. e4 c5 2. Nf3 Nc6 3. d4 cxd4 4. Nxd4 g6 5. Nc3 Bg7 6. Be3 Nf6 7. Bc4 0-0 8. Bb3 Re8 9. 0-0 d6 10. h3 Na5 11. f4 a6 12. Qf3 b5 13. f5 Nxb3 14. axb3 Bb7 15. g4 Rf8 16. g5 Nh5 17. Nd5 e6 18. f6 exd5 19. fxg7 Nxg7 20. exd5 Rc8 21. Rac1 Qe7 22. c4 Rfe8 23. Bd2 Rc7 24. Rfe1 Qd8 25. Rxe8+ Qxe8 26. Re1 Re7 27. Rxe7 Qxe7 28. h4 h6 29. Qe3 Qxe3+ 30. Bxe3 hxg5 31. Bxg5 Ne8 32. Be7 f6 33. cxb5 axb5 34. Nxb5 Bxd5 35. Nxd6 Nxd6 36. Bxd6 Bxb3 1/2-1/2

[Event "Gligoric Cup 9th"]
[White "Radisavljevic, Dalibor"]
[Black "Atalik, Suat"]
[Site "Paracin"]
[Round "1.6"]
[Result "1/2-1/2"]
[Date "2023.05.16"]
[WhiteElo "2155"]
[BlackElo "2441"]
[PlyCount "111"]
[EventDate "2023.05.16"]
[EventType "team-swiss"]
[EventRounds "5"]
[EventCountry "SRB"]
[SourceTitle "CBM 214 Extra"]
[Source "ChessBase"]
[SourceDate "2023.07.31"]
[SourceVersion "1"]
[SourceVersionDate "2023.07.31"]
[SourceQuality "1"]
[WhiteTeam "Jagodina Kablovi"]
[BlackTeam "Kac Jugovic"]
[WhiteTeamCountry "SRB"]
[BlackTeamCountry "SRB"]

1. e4 e6 2. d4 d5 3. Nd2 c5 4. Ngf3 cxd4 5. exd5 Qxd5 6. Bc4 Qd6 7. 0-0 Nf6 8. Nb3 Nc6 9. Nbxd4 Nxd4 10. Nxd4 Bd7 11. c3 Qc7 12. Qe2 Be7 13. Re1 0-0 14. Bb3 Rad8 15. Bg5 Nd5 16. Bxe7 Nxe7 17. Rad1 Ng6 18. Bc2 Qb6 19. Bxg6 hxg6 20. Nf3 Qb5 21. c4 Qh5 22. Nd4 Qxe2 23. Nxe2 a5 24. b3 Rfe8 25. f3 Kf8 26. Kf2 Ke7 27. Rd2 Rh8 28. h3 Rc8 29. Red1 Bc6 30. Nd4 Be8 31. f4 Rh5 32. Rd3 a4 33. g4 Rhc5 34. Ke3 axb3 35. axb3 g5 36. f5 b5 37. cxb5 Bxb5 38. Nxb5 Rxb5 39. fxe6 Kxe6 40. Kf3 Re5 41. Ra1 Rc7 42. Ra8 Ke7 43. Rb8 g6 44. Rb4 Kf6 45. Re4 Rb5 46. b4 Kg7 47. Ra3 Rcb7 48. Ra4 f5 49. Rc4 R5b6 50. gxf5 gxf5 51. Ra5 Kg6 52. Rcc5 Rxb4 53. Rxf5 Rb3+ 54. Kg2 Rb2+ 55. Rf2 Rxf2+ 56. Kxf2 1/2-1/2

[Event "Paracin op-A 15th"]
[White "Pasti, Aron"]
[Black "Radisavljevic, Dalibor"]
[Site "Paracin"]
[Round "2"]
[Result "0-1"]
[Date "2022.07.09"]
[WhiteElo "2365"]
[BlackElo "2135"]
[PlyCount "66"]
[EventDate "2022.07.08"]
[EventType "swiss"]
[EventRounds "9"]
[EventCountry "SRB"]
[SourceTitle "EXT 2023"]
[Source "ChessBase"]
[SourceDate "2022.10.05"]
[SourceVersion "1"]
[SourceVersionDate "2022.10.05"]
[SourceQuality "1"]

1. e4 c5 2. Nf3 d6 3. d4 cxd4 4. Nxd4 Nf6 5. Nc3 g6 6. Be3 Bg7 7. f3 0-0 8. Qd2 Nc6 9. 0-0-0 d5 10. exd5 Nxd5 11. Nxc6 bxc6 12. Bd4 Bxd4 13. Qxd4 Qb6 14. Na4 Qa5 15. b3 Be6 16. Kb2 Nb6 17. Nc3 Rad8 18. Qf2 Rxd1 19. Nxd1 c5 20. c4 Qb4 21. a3 Na4+ 22. Ka2 Nc3+ 23. Nxc3 Qxc3 24. Qb2 Qe1 25. Qe2 Qa5 26. Qc2 Bf5 27. Bd3 Bxd3 28. Qxd3 Rd8 29. b4 cxb4 30. Qe3 Rd2+ 31. Ka1 Rxg2 32. Rc1 Qa4 33. Rb1 Qxa3+ 0-1

[Event "SRB-ch Blitz"]
[White "Radisavljevic, Dalibor"]
[Black "Cabarkapa, Novak"]
[Site "Paracin"]
[Round "12"]
[Result "1-0"]
[Date "2022.06.05"]
[WhiteElo "2135"]
[BlackElo "2466"]
[PlyCount "93"]
[EventDate "2022.06.05"]
[EventType "swiss (blitz)"]
[EventRounds "13"]
[EventCountry "SRB"]
[SourceTitle "CBM 208 Extra"]
[Source "ChessBase"]
[SourceDate "2022.07.31"]
[SourceVersion "1"]
[SourceVersionDate "2022.07.31"]
[SourceQuality "1"]

1. e4 d5 2. exd5 Qxd5 3. Nc3 Qd6 4. Bc4 a6 5. Nge2 b5 6. Bb3 Bb7 7. f3 c5 8. d3 Nf6 9. a4 b4 10. Ne4 Nxe4 11. fxe4 e6 12. Bf4 Qd7 13. 0-0 Nc6 14. Qe1 g6 15. Qg3 Bg7 16. Bd6 Nd4 17. Nxd4 Bxd4+ 18. Kh1 Bxb2 19. Rae1 Bd4 20. Be5 Bxe5 21. Qxe5 0-0 22. Qxc5 a5 23. Qe3 Bc6 24. Ra1 Rad8 25. Qb6 Ra8 26. Qc5 Rfd8 27. Qe5 Qd4 28. Qf4 Qg7 29. Rae1 Rac8 30. Rf2 Rd7 31. Qg5 Ra8 32. Qc5 Rc7 33. Ref1 Qf8 34. Qe5 Qc8 35. Rxf7 Rxf7 36. Bxe6 Qxe6 37. Qxe6 Raf8 38. Rxf7 Rxf7 39. h3 Bxa4 40. Qc8+ Kg7 41. Qc5 Rf1+ 42. Kh2 Rc1 43. Qxa5 Bxc2 44. Qxb4 Kg8 45. Qc4+ Kf8 46. Qb4+ Kg8 47. Qd2 1-0

[Event "Paracin op 01"]
[White "Radisavljevic, Dalibor"]
[Black "Radojkovic, Stefan"]
[Site "Paracin"]
[Round "7"]
[Result "1-0"]
[Date "2022.01.21"]
[WhiteElo "2181"]
[BlackElo "1933"]
[PlyCount "103"]
[EventDate "2022.01.17"]
[EventType "swiss"]
[EventRounds "9"]
[EventCountry "SRB"]
[SourceTitle "CBM 206 Extra"]
[Source "ChessBase"]
[SourceDate "2022.03.31"]
[SourceVersion "1"]
[SourceVersionDate "2022.03.31"]
[SourceQuality "1"]

1. e4 e5 2. Nf3 Nc6 3. Bb5 Nf6 4. 0-0 Nxe4 5. d4 Nd6 6. Bxc6 dxc6 7. dxe5 Nf5 8. Qxd8+ Kxd8 9. Rd1+ Ke8 10. Nc3 Be7 11. Bg5 h6 12. Bxe7 Nxe7 13. h3 a6 14. Rd2 Be6 15. Rad1 c5 16. Ne4 b6 17. b3 Bf5 18. Ng3 Be6 19. Nh5 Rg8 20. g4 Nc6 21. Kg2 Ke7 22. Kg3 a5 23. Nf4 a4 24. Nd5+ Bxd5 25. Rxd5 Rgd8 26. Rxd8 Nxd8 27. Nh4 Ne6 28. f4 axb3 29. axb3 Ra2 30. Rd2 Nd4 31. Nf5+ Nxf5+ 32. gxf5 Ra1 33. c4 Rb1 34. Rd3 Rb2 35. Kf3 Rh2 36. Ke4 Re2+ 37. Re3 Rd2 38. Rg3 Kf8 39. Rd3 Rf2 40. Rd7 Rh2 41. e6 fxe6 42. fxe6 Rxh3 43. Rf7+ Kg8 44. Rxc7 Kf8 45. Rf7+ Kg8 46. Rb7 Kf8 47. Rxb6 Ke7 48. Ke5 Rh5+ 49. f5 Rg5 50. Rb7+ Kd8 51. Kd6 Kc8 52. Rf7 1-0

[Event "Paracin op 01"]
[White "Radisavljevic, Dalibor"]
[Black "Zlatkov, Anton"]
[Site "Paracin"]
[Round "5"]
[Result "1/2-1/2"]
[Date "2022.01.20"]
[WhiteElo "2181"]
[BlackElo "2014"]
[PlyCount "104"]
[EventDate "2022.01.17"]
[EventType "swiss"]
[EventRounds "9"]
[EventCountry "SRB"]
[SourceTitle "CBM 206 Extra"]
[Source "ChessBase"]
[SourceDate "2022.03.31"]
[SourceVersion "1"]
[SourceVersionDate "2022.03.31"]
[SourceQuality "1"]

1. e4 c5 2. Nf3 d6 3. d4 cxd4 4. Nxd4 Nf6 5. Nc3 Nc6 6. Bg5 e6 7. Qd2 a6 8. 0-0-0 Bd7 9. f4 b5 10. Nf3 b4 11. Bxf6 gxf6 12. Ne2 Qb6 13. f5 h5 14. Kb1 Qc5 15. Nc1 Rd8 16. Nb3 Qb6 17. fxe6 fxe6 18. Qf4 Be7 19. Be2 e5 20. Qg3 Be6 21. Nh4 Kd7 22. Qd3 a5 23. Qb5 Kc7 24. Rhf1 a4 25. Qxb6+ Kxb6 26. Nd2 Kc5 27. c3 bxc3 28. Rc1 Kb6 29. Rxc3 Nd4 30. Bc4 f5 31. Bxe6 Bxh4 32. Nc4+ Kb5 33. exf5 Rhf8 34. Rd1 Bf6 35. Ne3 e4 36. Rc4 Nxe6 37. fxe6 d5 38. Rc7 d4 39. e7 Bxe7 40. Rxe7 dxe3 41. Re5+ Kb6 42. Rxd8 Rxd8 43. Rxe4 Rd1+ 44. Kc2 Rd2+ 45. Kc3 Rxg2 46. h4 e2 47. Kd2 e1Q+ 48. Kxe1 Rxb2 49. Rxa4 Kb5 50. Rf4 Rxa2 51. Rf5+ Kc6 52. Rxh5 Kd6 1/2-1/2

[Event "SRB-ch U18"]
[White "Gagic, Milan A"]
[Black "Radisavljevic, Dalibor"]
[Site "Novi Sad"]
[Round "8"]
[Result "1-0"]
[Date "2021.08.07"]
[WhiteElo "2025"]
[BlackElo "2194"]
[PlyCount "87"]
[EventDate "2021.08.03"]
[EventType "swiss"]
[EventRounds "9"]
[EventCountry "SRB"]
[SourceTitle "EXT 2022"]
[Source "ChessBase"]
[SourceDate "2021.10.06"]
[SourceVersion "1"]
[SourceVersionDate "2021.10.06"]
[SourceQuality "1"]

1. e4 c5 2. Nf3 g6 3. d4 cxd4 4. Nxd4 Bg7 5. Nc3 Nc6 6. Be3 Nf6 7. Bc4 0-0 8. Bb3 d6 9. h3 Bd7 10. 0-0 Nxd4 11. Bxd4 b5 12. Qd3 a5 13. Rfe1 b4 14. Nd5 Nxd5 15. Bxd5 Bxd4 16. Qxd4 Rc8 17. Bc4 Qc7 18. b3 e5 19. Qd3 Be6 20. Bxe6 fxe6 21. Re2 Qc5 22. Rd1 Rc6 23. Rdd2 Kf7 24. Qg3 Kg7 25. Qg5 Rf6 26. Rd3 h6 27. Qd2 Rf8 28. Qd1 Qb6 29. Red2 Rd8 30. Qg4 Rf8 31. Qxe6 Rf6 32. Qd7+ Rf7 33. Qg4 Rf4 34. Qe2 Qc7 35. Rd5 Rf6 36. f3 g5 37. Kh2 Rc3 38. Qb5 Rxc2 39. Rxc2 Qxc2 40. Qd7+ Rf7 41. Qxd6 Rxf3 42. Qxe5+ Kf7 43. Rd7+ Kg6 44. Qe8+ 1-0

[Event "SRB-ch U18"]
[White "Radisavljevic, Dalibor"]
[Black "Omorjan, Dejan"]
[Site "Novi Sad"]
[Round "7"]
[Result "0-1"]
[Date "2021.08.07"]
[WhiteElo "2194"]
[BlackElo "2359"]
[PlyCount "68"]
[EventDate "2021.08.03"]
[EventType "swiss"]
[EventRounds "9"]
[EventCountry "SRB"]
[SourceTitle "EXT 2022"]
[Source "ChessBase"]
[SourceDate "2021.10.06"]
[SourceVersion "1"]
[SourceVersionDate "2021.10.06"]
[SourceQuality "1"]

1. e4 c5 2. Nf3 d6 3. d4 cxd4 4. Nxd4 Nf6 5. Nc3 a6 6. Bg5 e6 7. f4 h6 8. Bh4 Qb6 9. Qd2 Qxb2 10. Rb1 Qa3 11. e5 dxe5 12. fxe5 Nd5 13. Nxd5 exd5 14. Be2 Be7 15. Bxe7 Qxe7 16. 0-0 0-0 17. Qf4 Nc6 18. Nxc6 bxc6 19. Bd3 Be6 20. Rf3 Rab8 21. Rbf1 Rb4 22. Qd2 Rg4 23. h3 Qg5 24. Qf2 Ra4 25. Qe1 Qh4 26. Qxh4 Rxh4 27. Rf4 Rxf4 28. Rxf4 c5 29. Ra4 c4 30. Be2 Rb8 31. c3 Rb2 32. Kf1 d4 33. Ke1 dxc3 34. Kd1 Bf5 0-1

[Event "Paracin Summer op 14th"]
[White "Radisavljevic, Dalibor"]
[Black "Vanden Bussche, Steven"]
[Site "Paracin"]
[Round "2"]
[Result "1-0"]
[Date "2021.07.10"]
[WhiteElo "2186"]
[BlackElo "2032"]
[PlyCount "109"]
[EventDate "2021.07.09"]
[EventType "swiss"]
[EventRounds "9"]
[EventCountry "SRB"]
[SourceTitle "EXT 2022"]
[Source "ChessBase"]
[SourceDate "2021.10.06"]
[SourceVersion "1"]
[SourceVersionDate "2021.10.06"]
[SourceQuality "1"]

1. e4 c6 2. d4 d5 3. e5 Bf5 4. h4 h5 5. c4 e6 6. Nc3 Nd7 7. Nge2 Ne7 8. Ng3 Bg6 9. Bg5 Qb6 10. Qd2 Nf5 11. Nxf5 Bxf5 12. cxd5 exd5 13. Bd3 Be6 14. Be2 Be7 15. Bxe7 Kxe7 16. 0-0 Kf8 17. Na4 Qd8 18. f4 g6 19. g3 Qe7 20. Rac1 Kg7 21. Bd3 Bf5 22. Bxf5 gxf5 23. Nc3 Rhg8 24. Nd1 Kh7 25. Kf2 Qe6 26. Qd3 f6 27. Qf3 Kg6 28. Ne3 fxe5 29. fxe5 Rae8 30. Ng2 Qf7 31. Nf4+ Kh6 32. e6 Rxe6 33. Nxe6 Qxe6 34. Qf4+ Kh7 35. Rce1 Qf6 36. Kg2 Rf8 37. Re2 Rf7 38. Rfe1 Nf8 39. Qg5 Qxg5 40. hxg5 Ng6 41. Rh1 h4 42. Kf3 h3 43. Rxh3+ Kg7 44. Rh6 f4 45. Rxg6+ Kxg6 46. gxf4 Rc7 47. Kg4 b6 48. f5+ Kg7 49. f6+ Kg8 50. g6 Rc8 51. f7+ Kf8 52. Kg5 c5 53. Re8+ Rxe8 54. fxe8Q+ Kxe8 55. Kh6 1-0

[Event "Belgrade Serbia op"]
[White "Radisavljevic, Dalibor"]
[Black "Perez Gormaz, Matias Ariel"]
[Site "Belgrade"]
[Round "6"]
[Result "0-1"]
[Date "2021.07.06"]
[WhiteElo "2186"]
[BlackElo "2400"]
[PlyCount "84"]
[EventDate "2021.07.02"]
[EventType "swiss"]
[EventRounds "9"]
[EventCountry "SRB"]
[SourceTitle "CBM 203 Extra"]
[Source "ChessBase"]
[SourceDate "2021.09.30"]
[SourceVersion "1"]
[SourceVersionDate "2021.09.30"]
[SourceQuality "1"]

1. e4 c5 2. Nf3 Nc6 3. d4 cxd4 4. Nxd4 g6 5. Nc3 Bg7 6. Be3 Nf6 7. Be2 0-0 8. Nb3 d6 9. 0-0 a6 10. f4 b5 11. Bf3 Bb7 12. e5 dxe5 13. fxe5 Nd7 14. e6 fxe6 15. Bg4 Rxf1+ 16. Qxf1 Nf8 17. Nc5 Qb6 18. Qf4 Ne5 19. Nxb7 Qxb7 20. Bd4 Nxg4 21. Bxg7 Qa7+ 22. Bd4 e5 23. Qxf8+ Kxf8 24. Bxa7 Rxa7 25. a4 b4 26. Nd5 a5 27. h3 Nf6 28. Ne3 Rc7 29. Rd1 e6 30. Rd8+ Ke7 31. Rh8 e4 32. Kf2 Kd6 33. Rd8+ Ke5 34. b3 Rc3 35. Rd2 Nd5 36. Ng4+ Kf4 37. Re2 e3+ 38. Kg1 h5 39. Nh2 Ke4 40. g3 h4 41. g4 Nf4 42. Re1 Rxc2 0-1

[Event "Belgrade Serbia op"]
[White "Agmanov, Zhandos"]
[Black "Radisavljevic, Dalibor"]
[Site "Belgrade"]
[Round "2"]
[Result "1-0"]
[Date "2021.07.03"]
[WhiteElo "2404"]
[BlackElo "2186"]
[PlyCount "73"]
[EventDate "2021.07.02"]
[EventType "swiss"]
[EventRounds "9"]
[EventCountry "SRB"]
[SourceTitle "CBM 203 Extra"]
[Source "ChessBase"]
[SourceDate "2021.09.30"]
[SourceVersion "1"]
[SourceVersionDate "2021.09.30"]
[SourceQuality "1"]

1. e4 c5 2. Nf3 Nc6 3. Bb5 g6 4. Bxc6 dxc6 5. d3 Bg7 6. h3 Nf6 7. Nc3 Nd7 8. Be3 e5 9. Qd2 h6 10. 0-0 b6 11. Nh2 Nf8 12. f4 exf4 13. Bxf4 Ne6 14. Be3 Nd4 15. Rae1 Be6 16. e5 Qc7 17. Ne4 Bxe5 18. Ng4 Bxg4 19. Nf6+ Bxf6 20. Bxd4+ Be6 21. Bxf6 Rg8 22. Qxh6 Qd6 23. Qh4 g5 24. Bxg5 Kd7 25. Rxe6 Qxe6 26. Re1 Qxe1+ 27. Qxe1 Rxg5 28. Qf2 Rf8 29. h4 Rd5 30. Qf6 Rd6 31. Qg7 Ke7 32. h5 c4 33. dxc4 Rd1+ 34. Kh2 Rfd8 35. h6 R8d4 36. Qe5+ Kd7 37. Qf6 1-0

[Event "Veliko Gradiste Silver Lake op-A"]
[White "Radisavljevic, Dalibor"]
[Black "Gasimov, Parviz"]
[Site "Veliko Gradiste"]
[Round "5"]
[Result "0-1"]
[Date "2021.06.26"]
[WhiteElo "2186"]
[BlackElo "2341"]
[PlyCount "66"]
[EventDate "2021.06.23"]
[EventType "swiss"]
[EventRounds "9"]
[EventCountry "SRB"]
[SourceTitle "EXT 2022"]
[Source "ChessBase"]
[SourceDate "2021.10.06"]
[SourceVersion "1"]
[SourceVersionDate "2021.10.06"]
[SourceQuality "1"]

1. e4 c5 2. Nf3 Nc6 3. d4 cxd4 4. Nxd4 g6 5. Nc3 Bg7 6. Be3 Nf6 7. Be2 d6 8. 0-0 0-0 9. Nb3 a6 10. f4 b5 11. Bf3 Bb7 12. e5 dxe5 13. fxe5 Nd7 14. e6 fxe6 15. Bg4 Rxf1+ 16. Qxf1 Nce5 17. Bxe6+ Kh8 18. Qe2 Qc7 19. Bd4 Qd6 20. Bxd7 Nf3+ 21. gxf3 Bxd4+ 22. Nxd4 Qxd4+ 23. Qf2 Qxd7 24. Ne4 Qf5 25. Qd4+ Kg8 26. Rf1 Rf8 27. Ng3 Qxc2 28. Rf2 Qb1+ 29. Kg2 Qxa2 30. Qe3 Qd5 31. h4 Rf7 32. Ne4 Qe5 33. Qg5 Rf5 0-1

[Event "SRB-ch U18"]
[White "Radisavljevic, Dalibor"]
[Black "Bozanic, Jovan"]
[Site "Subotica"]
[Round "5"]
[Result "1-0"]
[Date "2021.05.06"]
[WhiteElo "2141"]
[BlackElo "1989"]
[PlyCount "72"]
[EventDate "2021.05.03"]
[EventType "tourn"]
[EventRounds "9"]
[EventCountry "SRB"]
[SourceTitle "EXT 2022"]
[Source "ChessBase"]
[SourceDate "2021.10.06"]
[SourceVersion "1"]
[SourceVersionDate "2021.10.06"]
[SourceQuality "1"]

1. e4 c5 2. Nf3 d6 3. d4 cxd4 4. Nxd4 Nf6 5. Nc3 g6 6. Be3 Bg7 7. f3 0-0 8. Qd2 Nc6 9. 0-0-0 d5 10. Qe1 e5 11. Nxc6 bxc6 12. exd5 cxd5 13. Bg5 Be6 14. Bc4 dxc4 15. Rxd8 Rfxd8 16. g4 Rd7 17. Bxf6 Bxf6 18. Ne4 Be7 19. Qc3 Rd5 20. Rd1 Rad8 21. Rxd5 Rxd5 22. g5 Kg7 23. Qe1 h6 24. gxh6+ Kxh6 25. Qe3+ Kg7 26. Qxa7 Bd8 27. a4 Bf5 28. Qb8 Bxe4 29. fxe4 Bg5+ 30. Kb1 Ra5 31. Qb4 Ra7 32. Qc5 Re7 33. a5 f5 34. a6 fxe4 35. a7 Re8 36. Qc6 e3 1-0

[Event "SRB-ch sf"]
[White "Radisavljevic, Dalibor"]
[Black "Dimitrijevic, Ivan"]
[Site "Paracin"]
[Round "9"]
[Result "1-0"]
[Date "2021.03.22"]
[WhiteElo "2179"]
[BlackElo "2103"]
[PlyCount "120"]
[EventDate "2021.03.16"]
[EventType "swiss"]
[EventRounds "9"]
[EventCountry "SRB"]
[SourceTitle "CBM 201 Extra"]
[Source "ChessBase"]
[SourceDate "2021.05.31"]
[SourceVersion "1"]
[SourceVersionDate "2021.05.31"]
[SourceQuality "1"]

1. d4 d5 2. Nf3 Nf6 3. c4 c6 4. e3 Bf5 5. Nc3 e6 6. Be2 Bd6 7. Nh4 Bg6 8. Nxg6 hxg6 9. h3 Nbd7 10. Qb3 b6 11. Bd2 Rb8 12. Bf3 0-0 13. 0-0 Nh7 14. e4 dxe4 15. Nxe4 Qc7 16. Nxd6 Qxd6 17. Rfd1 Rfd8 18. g3 Rbc8 19. Bf4 Qe7 20. Qa4 g5 21. Be3 Nb8 22. Rac1 Nf8 23. b4 f6 24. b5 cxb5 25. Qxb5 Nfd7 26. a4 Qa3 27. Ra1 Qc3 28. Rdc1 Qd3 29. c5 Qf5 30. Bg4 Qe4 31. Qb3 f5 32. f3 Qc6 33. Bxf5 Qxf3 34. Bxe6+ Kh8 35. Bxg5 Rf8 36. Qxf3 Rxf3 37. Bf4 Re8 38. cxb6 axb6 39. d5 Rd3 40. Kg2 Nc5 41. Rd1 Rc3 42. Ra2 Nba6 43. Re2 Nxa4 44. d6 N4c5 45. d7 Nxd7 46. Rxd7 Nc5 47. Rd6 b5 48. Re5 Nxe6 49. Rexe6 Rec8 50. Rb6 Rb3 51. h4 Rc2+ 52. Kh3 Rc4 53. Kg4 Rc5 54. Re8+ Kh7 55. Re7 Rd3 56. Bh6 Rd8 57. Rxg7+ Kh8 58. Rgb7 Rc4+ 59. Kh3 Rd1 60. Bf4 Rd3 1-0